Las profanaciones literarias (Record no. 26451)

MARC details
000 -LEADER
campo de control de longitud fija 00567nam a2200169 i 4500
001 - NÚMERO DE CONTROL
campo de control 26451
003 - IDENTIFICADOR DE NÚMERO DE CONTROL
campo de control ES-MaACL
005 - FECHA Y HORA DE LA ÚLTIMA TRANSACCIÓN
campo de control 20230906153439.0
007 - CAMPO FIJO DE DESCRIPCIÓN FÍSICA--INFORMACIÓN GENERAL
campo de control de longitud fija t|
008 - DATOS DE LONGITUD FIJA--INFORMACIÓN GENERAL
campo de control de longitud fija 030109q19001999sp ||||1| spa d
100 1# - ENTRADA PRINCIPAL--NOMBRE DE PERSONA
Nombre de persona Astrana Marín, Luis.
9 (RLIN) 23693
245 14 - MENCIÓN DEL TÍTULO
Título Las profanaciones literarias
Resto del título : el libro de los plagios : Rodríguez Marín Cejador, Casares, Villaespesa, Martínez Sierra y otros /
Mención de responsabilidad, etc. Luis Astrana Marín.
260 ## - PUBLICACIÓN, DISTRIBUCIÓN, ETC.
Lugar de publicación, distribución, etc. Madrid :
Nombre del editor, distribuidor, etc. G. Hernández,
Fecha de publicación, distribución, etc. [19..]
300 ## - DESCRIPCIÓN FÍSICA
Extensión XVIII, 260 p. ;
Dimensiones 19 cm.
650 #4 - PUNTO DE ACCESO ADICIONAL DE MATERIA--TÉRMINO DE MATERIA
Término de materia o nombre geográfico como elemento de entrada Plagio.
9 (RLIN) 151935
852 ## - LOCALIZACIÓN
Ubicación ES-MaACL
Número de control de estantería F-9977
Holdings
Estatus retirado Estado de pérdida Estado de daño No para préstamo Colección Biblioteca de origen Biblioteca actual Ubicación en estantería Fecha de adquisición Fuente de adquisición Total de préstamos Signatura topográfica completa Código de barras Visto por última vez Precio de reemplazo Tipo de ítem Koha
        Libros del s. XIX Biblioteca del Ateneo de Madrid Biblioteca del Ateneo de Madrid Sala Pecera Planta 2 17/01/2008     F-9977 1027301 23/02/2023 23/02/2023 Libro impreso antiguo